1289 1248 1263 1111 1888 1240 1512 1890 1758 1228 1273 1978 1079 1098 1887 1252 1091 1039 1619 1970 1548 1974 1141 1707 1790 1616 1292 1218 1106 1162 1888 1168 1916 1333 1358 1040 1513 1967 1877 1554 1609 1729 1763 1273 1263 1861 1851 1129 1237 1300 1765 1502 1355 1933 1142 1899 1655 1652 1575 1286 1361 1990 1176 1978 1582 1008 1620 1625 1979 1207 1042 1871 1735 1115 1448 1148 1548 1020 1257 1137 1277 1185 1656 1873 1367 1755 1186 1107 1148 1231 1624 1406 1519 1897 1425 1615 1180 1599 1610 BCNSPRNW ULIB Ver.6.0+V

เปลี่ยนเป็นภาษาไทย

Change to English
 แสดงรายละเอียดบรรณานุกรม
  กลับหน้าหลัก

Brief Record : Get Marc (ISO 2709) : E-mail record : QR code < ปิดหน้าต่าง
LEADER : 00000nam 2200000uu 4500
001    13399124851
003     ULIB
008    160408s2557||||th 000 0 tha d
020    ^a9786162794834
060    ^aWY163^bก492
100 0  ^aรัชนี เบญจธนัง,^eบรรณาธิการ
245 10 ^aการพยาบาลผู้ป่วยใช้เครื่องช่วยหายใจ /^cบรรณาธิการ, รัชนี เบญจธนัง และพิมพ์จิตร์ กาญจนสินธุ์
250    ^aพิมพ์ครั้งที่ 1
260    ^aกรุงเทพฯ :^bพี.เอ.ลีฟวิ่ง,^c2557
300    ^a158 หน้า :^bภาพประกอบ ;^c23 ซม.
650  4 ^aเครื่องช่วยหายใจ
650  4 ^aทางเดินอากาศหายใจ, โรค - การพยาบาล
650  4 ^aออกซิเจน
700 0  ^aพิมพ์จิตร์ กาญจนสินธุ์,^eบรรณาธิการ
945    ^p160^l0^i23366
945    ^p160^l0^i23367
945    ^p160^l0^i23368
945    ^p160^l0^i23369
945    ^p160^l0^i23370
999    ^aทศพร เกษรทอง
รายการนี้ยังไม่มีแท็ก
คุณยังไม่ได้ล็อกอิน คุณสามารถมีกิจกรรมร่วมกับเว็บไซต์ได้ แต่ต้องล็อกอินก่อน ::
  ล็อกอิน

รายการสื่อสารสนเทศ

ลำดับที่ ประเภท เลขเรียก/บาร์โค้ด สถานที่ สถานะ
1. Book การพยาบาล
Book การพยาบาล
สถานะ=หนังสือเก่า
WY163 ก492 ฉ.1 
  Barcode: 23366
ห้องสมุดวิทยาเขตนครสวรรค์
►ส่วนจัดเก็บหนังสือเก่า นว.
บนชั้น
  ขอยืม
2. Book การพยาบาล
Book การพยาบาล
สถานะ=หนังสือเก่า
WY163 ก492 ฉ.2 
  Barcode: 23367
ห้องสมุดวิทยาเขตนครสวรรค์
►ส่วนจัดเก็บหนังสือเก่า นว.
บนชั้น
  ขอยืม
3. Book การพยาบาล
Book การพยาบาล
สถานะ=หนังสือเก่า
WY163 ก492 ฉ.3 
  Barcode: 23368
ห้องสมุดวิทยาเขตนครสวรรค์
►ส่วนจัดเก็บหนังสือเก่า นว.
บนชั้น
  ขอยืม
4. Book การพยาบาล
Book การพยาบาล
สถานะ=หนังสือเก่า
WY163 ก492 ฉ.4 
  Barcode: 23369
ห้องสมุดวิทยาเขตนครสวรรค์
►ส่วนจัดเก็บหนังสือเก่า นว.
บนชั้น
  ขอยืม
5. Book การพยาบาล
Book การพยาบาล
สถานะ=หนังสือเก่า
WY163 ก492 ฉ.5 
  Barcode: 23370
ห้องสมุดวิทยาเขตนครสวรรค์
►ส่วนจัดเก็บหนังสือเก่า นว.
บนชั้น
  ขอยืม

รายการใกล้เคียง
    ผู้แต่ง [รัชนี เบญจธนัง, บรรณาธิการ]

    หัวเรื่อง [เครื่องช่วยหายใจ]
    หัวเรื่อง [ทางเดินอากาศหายใจ, โรค - การพยาบาล]
    หัวเรื่อง [ออกซิเจน]

BibComment


ยังไม่เคยถูกคอมเมนท์

คอมเมนท์ทรัพยากรรายการนี้
  คอมเมนท์: การพยาบาลผู้ป่วย..


 Copyright 2026. Bcnsprnw @Library